[Event "Voronezh Rating op 03-A"]
[Site "Voronezh"]
[Date "2014.03.04"]
[Round "4"]
[White "Koshelev, Vladimir"]
[Black "Arepyev, Dmitry"]
[Result "1-0"]
[WhiteElo "1886"]
[BlackElo "1748"]
[PlyCount "55"]
[EventDate "2014.03.01"]
[EventType "swiss"]
[EventRounds "9"]
[EventCountry "RUS"]
[SourceTitle "EXT 2015"]
[Source "ChessBase"]
[SourceDate "2014.11.20"]
[SourceVersion "1"]
[SourceVersionDate "2014.11.20"]
[SourceQuality "1"]

1. d4 Nf6 2. Bg5 e6 3. e4 h6 4. Bxf6 Qxf6 5. Nf3 c5 6. Nc3 cxd4 7. Qxd4 Qxd4 8. Nxd4 Kd8 9. 0-0-0 a6 10. e5 f6 11. Nxe6+ Ke7 12. Nc7 Ra7 13. exf6+ Kxf6 14. N3d5+ Ke5 15. Nb6 Bb4 16. c3 Be7 17. Bc4 Bg5+ 18. Kb1 d5 19. Rxd5+ Kf6 20. Re1 Bf5+ 21. Rxf5+ Kxf5 22. Be6+ Kg6 23. g4 Rf8 24. Bf5+ Rxf5 25. gxf5+ Kxf5 26. Nc8 Nc6 27. Nxa7 Nxa7 28. Ne8 1-0

[Event "Voronezh-ch"]
[Site "Voronezh"]
[Date "2012.10.20"]
[Round "2"]
[White "Mokshin, Maksim"]
[Black "Arepyev, Dmitry"]
[Result "1-0"]
[WhiteElo "1948"]
[BlackElo "1847"]
[PlyCount "65"]
[EventDate "2012.10.19"]
[EventType "swiss"]
[EventRounds "9"]
[EventCountry "RUS"]
[SourceTitle "EXT 2013"]
[Source "ChessBase"]
[SourceDate "2012.11.22"]
[SourceVersion "1"]
[SourceVersionDate "2012.11.22"]
[SourceQuality "1"]

1. e4 e6 2. d4 d5 3. Nc3 dxe4 4. Nxe4 Nf6 5. Bd3 Nbd7 6. Nf3 c5 7. 0-0 h6 8. Re1 Nxe4 9. Bxe4 Nf6 10. Bd3 a6 11. h3 b6 12. Bf4 Bb7 13. Be5 Be7 14. Qe2 Qd7 15. Rad1 b5 16. Bxf6 gxf6 17. Be4 0-0 18. dxc5 Qc7 19. b4 Bxe4 20. Qxe4 a5 21. a3 axb4 22. axb4 Ra4 23. Ra1 Qa7 24. Rxa4 Qxa4 25. c3 Rd8 26. Qb7 Bf8 27. Nd4 e5 28. Qxb5 Qa3 29. Ne2 f5 30. c6 Bd6 31. Rd1 Qa7 32. Qb7 Qxb7 33. cxb7 1-0

[Event "Voronezh Autumn IRT"]
[Site "Voronezh"]
[Date "2012.10.07"]
[Round "7.12"]
[White "Arepyev, Dmitry"]
[Black "Chermashentsev, Victor"]
[Result "1-0"]
[WhiteElo "1847"]
[BlackElo "1787"]
[PlyCount "143"]
[EventDate "2012.10.02"]
[EventType "swiss"]
[EventRounds "9"]
[EventCountry "RUS"]
[SourceTitle "EXT 2022"]
[Source "ChessBase"]
[SourceDate "2021.10.06"]
[SourceVersion "1"]
[SourceVersionDate "2021.10.06"]
[SourceQuality "1"]

1. e4 e5 2. Nf3 Nc6 3. Bb5 Nf6 4. 0-0 d6 5. d4 exd4 6. e5 dxe5 7. Nxe5 Qd5 8. Bc4 Qxe5 9. Re1 Ne4 10. Nd2 f5 11. Qh5+ g6 12. Qf3 Be7 13. Nxe4 fxe4 14. Qf7+ Kd8 15. Bh6 Qf6 16. Bg7 Qxf7 17. Bxf7 Re8 18. Bxe8 Kxe8 19. Rxe4 Bf5 20. Re2 Kf7 21. Bh6 g5 22. h4 Kg6 23. hxg5 Bxg5 24. Bxg5 Kxg5 25. a3 a5 26. f3 d3 27. cxd3 Bxd3 28. Re3 Bg6 29. Rd1 Rd8 30. Rxd8 Nxd8 31. Re5+ Kf6 32. Rxa5 b6 33. Rd5 Ke7 34. Kf2 c6 35. Rd4 Ne6 36. Rb4 b5 37. Ke3 Kd6 38. Rh4 c5 39. f4 Ng7 40. g4 h5 41. f5 Bxf5 42. gxh5 Bh7 43. Rh1 Ke5 44. h6 Nf5+ 45. Kd2 Kf6 46. Rc1 Nd4 47. Ke3 Ne6 48. Rg1 Nd4 49. Kf2 Nf5 50. Rc1 c4 51. a4 Nd6 52. axb5 Bd3 53. b6 Kg6 54. Rh1 Kh7 55. Ke3 Be4 56. Rh4 Bb7 57. Rh2 Nf5+ 58. Kf4 Nd4 59. Rd2 Ne6+ 60. Kf5 Nc5 61. Ke5 Kxh6 62. Rh2+ Kg5 63. Kd6 Na4 64. Rh7 Be4 65. b7 Bxb7 66. Rxb7 c3 67. b3 Nb2 68. Rc7 Nd1 69. b4 Nf2 70. Rc4 Kf5 71. Kd7 Nd3 72. Rxc3 1-0